000
00256nam a2200109Ia 4500
008
200302s9999 xx 000 0 und d
100
_a
Corina Kayfel, & Other
245
_a
Hotels Deluxe
260
_b
Cramer Berlin Published
260
_c
2011
300
_a
547
999
_c
3589
_d
3589